| 000 | 01067cam a2200313 i 4500 | ||
|---|---|---|---|
| 999 |
_c151131 _d27965 |
||
| 001 | 151131 | ||
| 003 | TR-AnTOB | ||
| 005 | 20240402163328.0 | ||
| 007 | ta | ||
| 008 | 081229s1958 tu d 000 0 tur d | ||
| 040 |
_aTR-AnTOB _beng _erda _cTR-AnTOB |
||
| 041 | 0 | _atur | |
| 050 | _aHD9886.T93 | ||
| 090 | _aHD9886.T93 | ||
| 099 | _aTOBB TURP 1958 | ||
| 110 | 2 |
_aTürkiye Ticaret Odaları, Sanayi Odaları ve Ticaret Borsaları Birliği _965593 |
|
| 245 | 1 | 0 |
_aTürkiye'de pamuk ipliği ve pamuklu mensucat sanayii / _cTürkiye Ticaret Odaları, Sanayi Odaları ve Ticaret Borsaları Birliği. |
| 264 | 1 |
_aAnkara : _bTürkiye Ticaret Odaları, Sanayi Odaları ve Ticaret Borsaları Birliği, _c1958. |
|
| 300 |
_a98 pages : _btables ; _c24 cm |
||
| 336 |
_atext _btxt _2rdacontent |
||
| 337 |
_aunmediated _bn _2rdamedia |
||
| 338 |
_avolume _bnc _2rdacarrier |
||
| 650 | 7 |
_aPamuklu tekstil endüstrisi _zTürkiye _2etuturkob _9132260 |
|
| 902 | _aTA01134 (013394) | ||
| 903 | _aTOBB Yayınları Arşivi | ||
| 942 |
_2lcc _cBK |
||
| 945 | _aAY | ||